[Event "TCh-RUS Premier 2022"]
[Site "Sochi RUS"]
[Date "2022.05.02"]
[Round "2.3"]
[Board "6"]
[White "Demidov, Mikhail"]
[Black "Gaifullin, Artur"]
[Result "1/2-1/2"]
[WhiteTitle "GM"]
[BlackTitle "FM"]
[WhiteElo "2571"]
[BlackElo "2445"]
[WhiteTeam "Shakhmatnaya sbornaya Moskvy"]
[BlackTeam "Ladya (Respublika Tatarstan)"]
[WhiteFideId "4197143"]
[BlackFideId "24168653"]
[EventDate "2022.05.01"]

1. Nf3 Nf6 2. g3 e6 3. Bg2 b5 4. d3 Bb7 5. e4 d6 6. O-O Be7 7. Nbd2 Nbd7 8. b3
O-O 9. Bb2 e5 10. d4 Nxe4 11. Nxe4 Bxe4 12. dxe5 Nxe5 13. Nxe5 Bxg2 14. Kxg2
dxe5 15. Bxe5 f6 16. Bf4 g5 17. Be3 Qxd1 18. Rfxd1 b4 19. Rd5 a5 20. Rad1 Rfe8
21. Rd7 Bd6 22. Kf3 a4 23. h4 axb3 24. axb3 Ra5 25. hxg5 fxg5 26. Rh1 Re7 27.
Rxe7 Bxe7 28. Ke4 Kg7 29. Rd1 Bd6 30. Rd5 Rxd5 31. Kxd5 Kg6 32. g4 h5 33. gxh5+
Kxh5 34. f3 Kh4 35. Bd2 Kg3 36. Ke4 Be7 37. Be3 c5 38. Bg1 Kg2 39. Be3 Kg3 40.
Bg1 Kg2 41. Be3 1/2-1/2

[Event "TCh-RUS Premier 2022"]
[Site "Sochi RUS"]
[Date "2022.05.02"]
[Round "2.4"]
[Board "1"]
[White "Grischuk, Alexander"]
[Black "Shubin, Kirill"]
[Result "1-0"]
[WhiteTitle "GM"]
[BlackTitle "IM"]
[WhiteElo "2742"]
[BlackElo "2472"]
[WhiteTeam "Sportivnyy klub KPRF (g. Moskva)"]
[BlackTeam "SShOR po shakhmatam i shashkam (g. Sankt-Pete"]
[WhiteFideId "4126025"]
[BlackFideId "34119962"]
[EventDate "2022.05.01"]

1. e4 e6 2. d4 d5 3. Nc3 Bb4 4. e5 c5 5. a3 Ba5 6. Qg4 Ne7 7. dxc5 O-O 8. Nf3
Bxc3+ 9. bxc3 Nd7 10. Bd3 Nf5 11. O-O Nxc5 12. a4 Nxd3 13. cxd3 b6 14. h4 Ba6
15. Rd1 Rc8 16. Ba3 Re8 17. Bb4 Bb7 18. a5 Ra8 19. h5 h6 20. Qf4 d4 21. c4 Bc6
22. Nd2 b5 23. cxb5 Bxb5 24. Ne4 Bc6 25. Rdc1 Bb5 26. g4 Qh4 27. Qf3 Bxd3 28.
Qxd3 Qxg4+ 29. Ng3 Rad8 30. Ra3 Rd5 31. Qe4 Qg5 32. Rd1 Nxg3 33. Rxg3 Qxh5 34.
Re1 Rc8 35. Kg2 Rc4 36. Be7 Qf5 37. Bf6 Qxe4+ 38. Rxe4 g6 39. Rh4 Kh7 40. Rxh6+ 1-0

[Event "TCh-RUS Premier 2022"]
[Site "Sochi RUS"]
[Date "2022.05.02"]
[Round "2.4"]
[Board "2"]
[White "Usmanov, Vasily"]
[Black "Potkin, Vladimir"]
[Result "1/2-1/2"]
[WhiteTitle "IM"]
[BlackTitle "GM"]
[WhiteElo "2447"]
[BlackElo "2571"]
[WhiteTeam "SShOR po shakhmatam i shashkam (g. Sankt-Pete"]
[BlackTeam "Sportivnyy klub KPRF (g. Moskva)"]
[WhiteFideId "4135741"]
[BlackFideId "4131061"]
[EventDate "2022.05.01"]

1. Nf3 d5 2. g3 Nf6 3. Bg2 c5 4. O-O g6 5. c3 Bg7 6. d4 cxd4 7. cxd4 O-O 8. Nc3
Ne4 9. Nxe4 dxe4 10. Ng5 Qxd4 11. Qxd4 Bxd4 12. Rd1 Nc6 13. Bxe4 Bg7 14. Kg2 h6
15. Nf3 Be6 16. Be3 Rfd8 17. Bxc6 bxc6 18. Bd4 a5 19. Bxg7 Kxg7 20. Rxd8 Rxd8
21. b3 Bd5 22. Rc1 a4 23. Kf1 axb3 24. axb3 Bxb3 25. Rxc6 Rd1+ 26. Ne1 Bd5 1/2-1/2

[Event "TCh-RUS Premier 2022"]
[Site "Sochi RUS"]
[Date "2022.05.02"]
[Round "2.4"]
[Board "3"]
[White "Zvjaginsev, Vadim"]
[Black "Pershin, Denis"]
[Result "1-0"]
[WhiteTitle "GM"]
[BlackTitle "IM"]
[WhiteElo "2599"]
[BlackElo "2397"]
[WhiteTeam "Sportivnyy klub KPRF (g. Moskva)"]
[BlackTeam "SShOR po shakhmatam i shashkam (g. Sankt-Pete"]
[WhiteFideId "4113403"]
[BlackFideId "24165506"]
[EventDate "2022.05.01"]

1. e4 c6 2. d4 d5 3. f3 dxe4 4. fxe4 e5 5. Nf3 Bg4 6. c3 Nf6 7. Be2 Nbd7 8. Nbd2
Qc7 9. O-O Bd6 10. Nc4 O-O-O 11. Nxd6+ Qxd6 12. Nxe5 Nxe5 13. Bf4 Rhe8 14. Bxe5
Rxe5 15. Bxg4+ Kb8 16. Bf3 Re7 17. Qc2 Nd7 18. e5 Qh6 19. Rae1 Rde8 20. Qb3 Kc7
21. Bg4 Nf6 22. Bf5 Nd5 23. c4 Nf4 24. Qe3 g5 25. g3 Nh5 26. Qa3 Kb8 27. Bg4 Ng7
28. Re2 Qg6 29. Rf6 Qb1+ 30. Kg2 Qd1 31. Qd6+ Ka8 32. d5 cxd5 33. Qxd5 Rd8 34.
Qxd1 Rxd1 35. Ref2 Re1 36. Rxf7 R1xe5 37. Rxg7 1-0

[Event "TCh-RUS Premier 2022"]
[Site "Sochi RUS"]
[Date "2022.05.02"]
[Round "2.4"]
[Board "4"]
[White "Schekachikhin, Maksim"]
[Black "Alekseev, Evgeny"]
[Result "0-1"]
[WhiteTitle "IM"]
[BlackTitle "GM"]
[WhiteElo "2433"]
[BlackElo "2591"]
[WhiteTeam "SShOR po shakhmatam i shashkam (g. Sankt-Pete"]
[BlackTeam "Sportivnyy klub KPRF (g. Moskva)"]
[WhiteFideId "24177830"]
[BlackFideId "4138147"]
[EventDate "2022.05.01"]

1. c4 c5 2. Nf3 Nc6 3. d4 cxd4 4. Nxd4 Qb6 5. Nb3 e6 6. Nc3 Nf6 7. a3 Be7 8. e4
O-O 9. Be3 Qc7 10. f4 d6 11. Bd3 b6 12. O-O Bb7 13. Rc1 Rad8 14. Qf3 Qc8 15. Qh3
Rfe8 16. Bb1 Nd7 17. Nd2 Nf8 18. b4 Bf6 19. Nf3 Ng6 20. Nb5 Be7 21. e5 dxe5 22.
fxe5 Rf8 23. Qh5 Qb8 24. Bg5 a6 25. Bxe7 Ncxe7 26. Nd6 Bxf3 27. Rxf3 f5 28. c5
bxc5 29. Ba2 Nxe5 30. Bxe6+ Kh8 31. Rh3 h6 32. Qg5 Rf6 33. Nxf5 Nxf5 34. Bxf5
cxb4 35. axb4 Rdf8 36. Bb1 Ng4 37. Qc5 Qf4 38. Bd3 Nf2 39. Rf3 Qxf3 40. gxf3
Nxd3 41. Qc4 Rg6+ 42. Kf1 Nxc1 43. Qxc1 Rxf3+ 44. Ke2 Rf8 45. Qc4 Rb6 46. Ke3
Rb5 47. Qc6 Rf6 48. Qe8+ Kh7 49. Qe4+ Rff5 50. Qc2 h5 51. Qc8 Rf6 52. Qc2+ Kh6
53. Qd2 Re5+ 54. Kd4+ Rg5 55. Qc1 h4 56. Qc8 Rgf5 57. Qh8+ Kg6 58. Qe8+ Kg5 59.
Qe7 g6 60. Qe3+ Rf4+ 61. Kd3 Kh5 62. Qc5+ Kg4 63. Qc8+ R4f5 64. Ke4 Kh3 65. Qc2
Rf2 66. Qc7 R2f4+ 67. Ke3 g5 68. Qe5 g4 69. Qg5 Rf3+ 70. Ke2 Rf2+ 71. Ke3 R6f3+
72. Ke4 Rxh2 73. Qg6 Rb2 74. Qxa6 Rxb4+ 75. Ke5 g3 76. Qc8+ Kh2 77. Qc2+ g2 78.
Qd2 Rbf4 79. Qe2 Rf2 0-1

[Event "TCh-RUS Premier 2022"]
[Site "Sochi RUS"]
[Date "2022.05.02"]
[Round "2.4"]
[Board "5"]
[White "Afanasiev, Nikita"]
[Black "Saveliev, Alexei"]
[Result "1-0"]
[WhiteTitle "GM"]
[BlackTitle "IM"]
[WhiteElo "2567"]
[BlackElo "2386"]
[WhiteTeam "Sportivnyy klub KPRF (g. Moskva)"]
[BlackTeam "SShOR po shakhmatam i shashkam (g. Sankt-Pete"]
[WhiteFideId "24183555"]
[BlackFideId "24128546"]
[EventDate "2022.05.01"]

1. d4 Nf6 2. c4 e6 3. Nc3 d5 4. cxd5 exd5 5. Bg5 Be7 6. e3 O-O 7. Bd3 Re8 8. Qc2
h6 9. Bh4 c6 10. Nge2 Nbd7 11. f3 c5 12. O-O a6 13. a3 Nf8 14. Rad1 c4 15. Bf5
g6 16. Bxc8 Rxc8 17. Rfe1 N8h7 18. e4 dxe4 19. fxe4 Ng5 20. e5 Nfh7 21. Bf2 Bf8
22. d5 Rxe5 23. h4 Nf6 24. hxg5 Ng4 25. Bd4 Rxg5 26. Nf4 Bd6 27. Rf1 Qc7 28. Qd2
Rf5 29. g3 Re8 30. Rde1 Rxe1 31. Rxe1 Ne5 32. Kg2 Qd8 33. Ne4 Bb8 34. d6 g5 35.
Bxe5 Rxe5 36. Nd5 Bxd6 37. Ndf6+ Kf8 38. Rh1 Qb6 39. Nd7+ 1-0

[Event "TCh-RUS Premier 2022"]
[Site "Sochi RUS"]
[Date "2022.05.02"]
[Round "2.4"]
[Board "6"]
[White "Vlasenko, Miroslav"]
[Black "Sychev, Klementy"]
[Result "0-1"]
[WhiteTitle "IM"]
[BlackTitle "GM"]
[WhiteElo "2403"]
[BlackElo "2537"]
[WhiteTeam "SShOR po shakhmatam i shashkam (g. Sankt-Pete"]
[BlackTeam "Sportivnyy klub KPRF (g. Moskva)"]
[WhiteFideId "4151887"]
[BlackFideId "4114060"]
[EventDate "2022.05.01"]

1. d4 Nf6 2. Bg5 c5 3. Bxf6 gxf6 4. d5 Qb6 5. Qc1 f5 6. c4 Qh6 7. e3 e5 8. Nc3
d6 9. Qc2 Bg7 10. g3 e4 11. Nb5 Kd8 12. Ne2 Nd7 13. Nf4 Ne5 14. Be2 Bd7 15. Nc3
Rg8 16. Rb1 Ke7 17. a3 Rgc8 18. b3 Bf6 19. Nh5 Nd3+ 20. Kf1 Be5 21. h3 Rg8 22.
Nd1 Rg5 23. Nf4 Nxf2 24. Kxf2 Rag8 25. Ke1 Rxg3 26. Rf1 Rxe3 27. Nxe3 Bxf4 28.
Ng4 Bg3+ 29. Kd1 Qxh3 30. Ne3 Be5 31. Kd2 Bd4 32. Nd1 Qh6+ 33. Ke1 Rg2 34. Rb2
Qh4+ 35. Kd2 Qg5+ 36. Ke1 Qg3+ 37. Kd2 Qg5+ 38. Ke1 h5 39. Nf2 Qg3 40. Bxh5 Qc3+ 0-1

[Event "TCh-RUS Premier 2022"]
[Site "Sochi RUS"]
[Date "2022.05.04"]
[Round "3.1"]
[Board "1"]
[White "Shubin, Kirill"]
[Black "Sargissian, Gabriel"]
[Result "0-1"]
[WhiteTitle "IM"]
[BlackTitle "GM"]
[WhiteElo "2472"]
[BlackElo "2694"]
[WhiteTeam "SShOR po shakhmatam i shashkam (g. Sankt-Pete"]
[BlackTeam "Shkola im. M.M.Botvinnika (g. Moskva)"]
[WhiteFideId "34119962"]
[BlackFideId "13300881"]
[EventDate "2022.05.01"]

1. e4 e5 2. Nf3 Nc6 3. Bb5 a6 4. Ba4 Nf6 5. O-O Be7 6. Re1 b5 7. Bb3 O-O 8. a4
b4 9. d3 d6 10. Nbd2 Na5 11. Ba2 c5 12. Nc4 Nxc4 13. Bxc4 a5 14. h3 Nd7 15. c3
Nb6 16. Bb3 Kh8 17. cxb4 axb4 18. Be3 Bb7 19. Nd2 Nd7 20. Bc4 f5 21. Nb3 Nb6 22.
exf5 Rxf5 23. Bb5 Nd5 24. a5 Qc8 25. Qg4 Nc7 26. Ba4 Rf8 27. Qxc8 Rfxc8 28. f4
Nd5 29. Bd2 exf4 30. Bb5 Bf6 31. d4 Bc6 32. Bc4 cxd4 33. Rac1 Be5 34. a6 Nc7 35.
Ra1 Bd5 36. Bxd5 Nxd5 37. Ra5 Ne3 38. a7 Nc4 39. Ra4 Nxb2 40. Ra6 Nd3 41. Rea1 0-1

[Event "TCh-RUS Premier 2022"]
[Site "Sochi RUS"]
[Date "2022.05.04"]
[Round "3.1"]
[Board "2"]
[White "Rakhmanov, Aleksandr"]
[Black "Usmanov, Vasily"]
[Result "1/2-1/2"]
[WhiteTitle "GM"]
[BlackTitle "IM"]
[WhiteElo "2640"]
[BlackElo "2447"]
[WhiteTeam "Shkola im. M.M.Botvinnika (g. Moskva)"]
[BlackTeam "SShOR po shakhmatam i shashkam (g. Sankt-Pete"]
[WhiteFideId "4173708"]
[BlackFideId "4135741"]
[EventDate "2022.05.01"]

1. d4 d5 2. c4 e6 3. Nc3 Nf6 4. cxd5 exd5 5. Bg5 c6 6. e3 Bf5 7. Qf3 Bg6 8. Bxf6
Qxf6 9. Qxf6 gxf6 10. Nf3 Nd7 11. Nh4 Be7 12. Ne2 f5 13. Nf3 Bh5 14. Ng3 Bxf3
15. gxf3 f4 16. Nf5 Nf8 17. Bd3 Ne6 18. Ke2 Bf6 19. Rhg1 h5 20. Bc2 a5 21. Rad1
O-O-O 22. Rb1 Kc7 23. b4 Rhe8 24. Kf1 Rg8 25. bxa5 Rxg1+ 26. Kxg1 Rg8+ 27. Kh1
Ng5 28. Rg1 Ra8 29. Kg2 Rxa5 30. Bb3 Ra8 31. h4 Ne6 32. Kh3 Kd7 33. Nh6 Rf8 34.
Nf5 Kc7 35. Rc1 Kd7 36. Rg1 Kc7 1/2-1/2

[Event "TCh-RUS Premier 2022"]
[Site "Sochi RUS"]
[Date "2022.05.04"]
[Round "3.1"]
[Board "3"]
[White "Pershin, Denis"]
[Black "Petrov, Nikita"]
[Result "1/2-1/2"]
[WhiteTitle "IM"]
[BlackTitle "GM"]
[WhiteElo "2397"]
[BlackElo "2560"]
[WhiteTeam "SShOR po shakhmatam i shashkam (g. Sankt-Pete"]
[BlackTeam "Shkola im. M.M.Botvinnika (g. Moskva)"]
[WhiteFideId "24165506"]
[BlackFideId "4101286"]
[EventDate "2022.05.01"]

1. d4 Nf6 2. c4 e6 3. Nc3 Bb4 4. Qc2 d5 5. cxd5 exd5 6. Bg5 h6 7. Bh4 g5 8. Bg3
h5 9. e3 h4 10. Be5 Nbd7 11. h3 Nxe5 12. dxe5 Bxc3+ 13. bxc3 Ne4 14. Bd3 Nc5 15.
Bf5 Bxf5 16. Qxf5 Qd7 17. Qxg5 Qb5 18. Ne2 Nd3+ 19. Kf1 Qb2 20. Rd1 Qc2 21. Ra1
Qb2 22. Rd1 Qc2 23. Ra1 Qb2 24. Rd1 Qc2 1/2-1/2

[Event "TCh-RUS Premier 2022"]
[Site "Sochi RUS"]
[Date "2022.05.04"]
[Round "3.1"]
[Board "4"]
[White "Sviridov, Valery"]
[Black "Timerkhanov, Alexander"]
[Result "1-0"]
[BlackTitle "FM"]
[WhiteElo "2569"]
[BlackElo "2392"]
[WhiteTeam "Shkola im. M.M.Botvinnika (g. Moskva)"]
[BlackTeam "SShOR po shakhmatam i shashkam (g. Sankt-Pete"]
[WhiteFideId "4120680"]
[BlackFideId "24177938"]
[EventDate "2022.05.01"]

1. d4 d5 2. c4 c6 3. Nf3 Nf6 4. Nc3 dxc4 5. a4 Bf5 6. Ne5 Na6 7. e4 Nxe4 8. Bxc4
e6 9. g4 Nxc3 10. bxc3 Be4 11. O-O Bd6 12. Qe2 Bxe5 13. Qxe4 Bd6 14. Bxa6 bxa6
15. Qxc6+ Kf8 16. Qf3 Rc8 17. Rb1 Qf6 18. Qxf6 gxf6 19. Bh6+ Ke7 20. Rb7+ Rc7
21. Rfb1 Rg8 22. h3 Rg6 23. Bd2 f5 24. c4 Kd7 25. c5 Bf8 26. Bf4 Rxb7 27. Rxb7+
Kc6 28. Rxf7 Bg7 29. Rc7+ Kd5 30. Rd7+ Ke4 31. c6 e5 32. d5 Bf6 33. Be3 fxg4 34.
c7 gxh3+ 35. Kh2 Rg8 36. d6 Kd5 37. Rg7 Rc8 38. Rg8 Rxg8 39. d7 Rh8 1-0

[Event "TCh-RUS Premier 2022"]
[Site "Sochi RUS"]
[Date "2022.05.04"]
[Round "3.1"]
[Board "5"]
[White "Schekachikhin, Maksim"]
[Black "Makarian, Rudik"]
[Result "1/2-1/2"]
[WhiteTitle "IM"]
[BlackTitle "IM"]
[WhiteElo "2433"]
[BlackElo "2523"]
[WhiteTeam "SShOR po shakhmatam i shashkam (g. Sankt-Pete"]
[BlackTeam "Shkola im. M.M.Botvinnika (g. Moskva)"]
[WhiteFideId "24177830"]
[BlackFideId "44105681"]
[EventDate "2022.05.01"]

1. d4 d5 2. c4 dxc4 3. e3 e5 4. Bxc4 exd4 5. exd4 Nf6 6. Nf3 Bd6 7. Qe2+ Qe7 8.
Qxe7+ Bxe7 9. O-O O-O 10. Nc3 Bd6 11. Bg5 Nbd7 12. Rfe1 Nb6 13. Bb3 a5 14. a3 a4
15. Ba2 Ra5 16. Bxf6 gxf6 17. Nd2 f5 18. Re2 Kg7 19. Rae1 Bd7 20. Nf3 Kf6 21.
Ne5 Be6 22. d5 Bxe5 23. Rxe5 Rd8 24. f4 Nxd5 25. Nxd5+ Bxd5 26. Bb1 Rb5 27.
Rxf5+ Kg7 28. Rg5+ Kf8 29. Bxh7 f6 30. Rg3 Rxb2 31. h4 Rb3 32. Ree3 Bf7 33. Bc2
Rxe3 34. Rxe3 Rd4 35. Rc3 c6 36. g3 b5 37. Kf2 Bc4 38. Ke3 c5 39. g4 Kg7 40. g5
fxg5 41. hxg5 Kf7 42. Bd3 Bxd3 43. Rxd3 Rxd3+ 44. Kxd3 1/2-1/2

[Event "TCh-RUS Premier 2022"]
[Site "Sochi RUS"]
[Date "2022.05.04"]
[Round "3.1"]
[Board "6"]
[White "Kukhmazov, Arsen"]
[Black "Vlasenko, Miroslav"]
[Result "1-0"]
[WhiteTitle "IM"]
[BlackTitle "IM"]
[WhiteElo "2482"]
[BlackElo "2403"]
[WhiteTeam "Shkola im. M.M.Botvinnika (g. Moskva)"]
[BlackTeam "SShOR po shakhmatam i shashkam (g. Sankt-Pete"]
[WhiteFideId "24108260"]
[BlackFideId "4151887"]
[EventDate "2022.05.01"]

1. d4 f5 2. g3 Nf6 3. Bg2 g6 4. c4 Bg7 5. Nf3 O-O 6. O-O d6 7. Nc3 Qe8 8. Re1
Qf7 9. e4 fxe4 10. Nxe4 Nc6 11. d5 Nxe4 12. Rxe4 Ne5 13. Rf4 Qe8 14. Qe2 Bd7 15.
Nd4 Bf6 16. h4 c5 17. Ne6 Bxe6 18. dxe6 Rb8 19. a4 Bg7 20. g4 Nc6 21. Bd5 Kh8
22. Ra3 Rxf4 23. Bxf4 Qf8 24. Bg5 Nd4 25. Qd2 h6 26. Rh3 hxg5 27. hxg5+ Kg8 28.
Kg2 Be5 29. Qd3 Qe8 30. Rh6 Bg7 31. Rxg6 Qxa4 32. Qh3 Qd1 33. Rxg7+ Kxg7 34.
Qh6+ Kg8 35. Qg6+ Kh8 36. Qh6+ Kg8 37. g6 Qxg4+ 38. Kh2 1-0

[Event "TCh-RUS Premier 2022"]
[Site "Sochi RUS"]
[Date "2022.05.04"]
[Round "3.2"]
[Board "1"]
[White "Najer, Evgeniy"]
[Black "Grischuk, Alexander"]
[Result "1/2-1/2"]
[WhiteTitle "GM"]
[BlackTitle "GM"]
[WhiteElo "2659"]
[BlackElo "2742"]
[WhiteTeam "Shakhmatnaya sbornaya Moskvy"]
[BlackTeam "Sportivnyy klub KPRF (g. Moskva)"]
[WhiteFideId "4118987"]
[BlackFideId "4126025"]
[EventDate "2022.05.01"]

1. e4 e5 2. Nf3 Nc6 3. Bb5 Nf6 4. O-O Nxe4 5. d4 Nd6 6. dxe5 Nxb5 7. a4 Nbd4 8.
Nxd4 d5 9. Nxc6 bxc6 10. Nc3 Be7 11. Be3 a5 12. f4 g6 13. Qf3 h5 14. h3 Bf5 15.
Rac1 Rb8 16. b3 Rb4 17. Ne2 h4 18. Nd4 Be4 19. Qf2 Qd7 20. Bd2 Rb7 21. Bxa5 c5
22. Nf3 Qf5 23. Ng5 Bxg5 24. fxg5 Qxf2+ 25. Rxf2 Bf5 26. Rf4 Kd7 27. Be1 Re8 28.
Bxh4 Rxe5 29. g4 Re4 30. Rf3 Be6 31. Re1 c4 32. Rxe4 dxe4 33. Re3 cxb3 34. cxb3
Bxb3 35. Rxe4 1/2-1/2

[Event "TCh-RUS Premier 2022"]
[Site "Sochi RUS"]
[Date "2022.05.04"]
[Round "3.2"]
[Board "2"]
[White "Potkin, Vladimir"]
[Black "Riazantsev, Alexander"]
[Result "1/2-1/2"]
[WhiteTitle "GM"]
[BlackTitle "GM"]
[WhiteElo "2571"]
[BlackElo "2634"]
[WhiteTeam "Sportivnyy klub KPRF (g. Moskva)"]
[BlackTeam "Shakhmatnaya sbornaya Moskvy"]
[WhiteFideId "4131061"]
[BlackFideId "4125029"]
[EventDate "2022.05.01"]

1. c4 e5 2. Nc3 Nf6 3. Nf3 Nc6 4. g3 Bb4 5. Bg2 O-O 6. Nd5 e4 7. Nh4 d6 8. Nxb4
Nxb4 9. a3 Nc6 10. d3 exd3 11. Qxd3 Be6 12. b3 d5 13. cxd5 Bxd5 14. Bxd5 Qxd5
15. Qxd5 Nxd5 16. Bb2 f5 17. O-O-O Nce7 18. Rhg1 Rad8 19. g4 Nf4 20. Rxd8 Rxd8
21. Kc2 fxg4 22. Rxg4 Ne6 23. Nf3 1/2-1/2

[Event "TCh-RUS Premier 2022"]
[Site "Sochi RUS"]
[Date "2022.05.04"]
[Round "3.2"]
[Board "3"]
[White "Inarkiev, Ernesto"]
[Black "Dreev, Aleksey"]
[Result "1-0"]
[WhiteTitle "GM"]
[BlackTitle "GM"]
[WhiteElo "2659"]
[BlackElo "2623"]
[WhiteTeam "Shakhmatnaya sbornaya Moskvy"]
[BlackTeam "Sportivnyy klub KPRF (g. Moskva)"]
[WhiteFideId "4162722"]
[BlackFideId "4100107"]
[EventDate "2022.05.01"]

1. e4 c6 2. d4 d5 3. exd5 cxd5 4. Bd3 Nc6 5. c3 Nf6 6. Bf4 Bg4 7. Nf3 e6 8. Qb3
Bd6 9. Qxb7 Bxf4 10. Qxc6+ Kf8 11. Ne5 Bxe5 12. dxe5 Nd7 13. f4 g5 14. Bb5 Qb6
15. Qxb6 Nxb6 16. Nd2 a6 17. Bd3 Na4 18. Bc2 Nxb2 19. Rb1 Nc4 20. Nxc4 dxc4 21.
fxg5 Kg7 22. Rf1 Rac8 23. Rb7 Rhf8 24. Kf2 Rc5 25. Kg3 Be2 26. Rf2 Bd3 27. Kf4
Rd8 28. h4 Ra5 29. Bd1 Ra3 30. Bh5 Rf8 31. Ke3 Bf5 32. Kd4 Ra5 33. g4 Bg6 34.
Rd7 Rb5 35. Bxg6 hxg6 36. h5 Rb1 37. h6+ Kg8 38. Rc7 Rg1 39. Rf4 Ra1 40. Rf2 Rg1
41. Rf4 Ra1 42. Kc5 Rxa2 43. Kd6 a5 44. Ke7 Rh2 45. Rfxc4 Ra8 1-0

[Event "TCh-RUS Premier 2022"]
[Site "Sochi RUS"]
[Date "2022.05.04"]
[Round "3.2"]
[Board "4"]
[White "Zvjaginsev, Vadim"]
[Black "Grachev, Boris"]
[Result "1/2-1/2"]
[WhiteTitle "GM"]
[BlackTitle "GM"]
[WhiteElo "2599"]
[BlackElo "2615"]
[WhiteTeam "Sportivnyy klub KPRF (g. Moskva)"]
[BlackTeam "Shakhmatnaya sbornaya Moskvy"]
[WhiteFideId "4113403"]
[BlackFideId "4129199"]
[EventDate "2022.05.01"]

1. e4 e6 2. d4 d5 3. Nc3 dxe4 4. Nxe4 Nd7 5. g3 Be7 6. Bg2 Ngf6 7. Nxf6+ Bxf6 8.
Nf3 O-O 9. O-O e5 10. Be3 exd4 11. Bxd4 c5 12. Bxf6 Nxf6 13. Qxd8 Rxd8 14. Ne5
Rb8 15. a4 Be6 16. Rfd1 Nd7 17. Nxd7 1/2-1/2

[Event "TCh-RUS Premier 2022"]
[Site "Sochi RUS"]
[Date "2022.05.04"]
[Round "3.2"]
[Board "5"]
[White "Motylev, Alexander"]
[Black "Alekseev, Evgeny"]
[Result "1/2-1/2"]
[WhiteTitle "GM"]
[BlackTitle "GM"]
[WhiteElo "2633"]
[BlackElo "2591"]
[WhiteTeam "Shakhmatnaya sbornaya Moskvy"]
[BlackTeam "Sportivnyy klub KPRF (g. Moskva)"]
[WhiteFideId "4121830"]
[BlackFideId "4138147"]
[EventDate "2022.05.01"]

1. e4 e5 2. Nf3 Nc6 3. Bc4 Bc5 4. c3 Nf6 5. d4 exd4 6. e5 d5 7. Bb5 Ne4 8. cxd4
Bb6 9. Nc3 O-O 10. Be3 Nxc3 11. bxc3 f6 12. O-O Bg4 13. Be2 fxe5 14. Nxe5 Nxe5
15. Bxg4 Nxg4 16. Qxg4 Qf6 17. g3 Rae8 18. Bf4 Qe6 19. Qxe6+ 1/2-1/2

[Event "TCh-RUS Premier 2022"]
[Site "Sochi RUS"]
[Date "2022.05.04"]
[Round "3.2"]
[Board "6"]
[White "Afanasiev, Nikita"]
[Black "Popov, Ivan RUS"]
[Result "1/2-1/2"]
[WhiteTitle "GM"]
[BlackTitle "GM"]
[WhiteElo "2567"]
[BlackElo "2629"]
[WhiteTeam "Sportivnyy klub KPRF (g. Moskva)"]
[BlackTeam "Shakhmatnaya sbornaya Moskvy"]
[WhiteFideId "24183555"]
[BlackFideId "4170350"]
[EventDate "2022.05.01"]

1. c4 c6 2. Nf3 d5 3. e3 Bg4 4. d4 e6 5. h3 Bh5 6. Qb3 Qc7 7. Nc3 Nd7 8. cxd5
exd5 9. g4 Bg6 10. Nh4 Qb6 11. Qa4 O-O-O 12. Nxg6 hxg6 13. Qc2 Kb8 14. Bd2 Ngf6
15. Be2 Rc8 16. g5 Ne8 17. Bg4 f5 18. gxf6 Nexf6 19. O-O-O Nxg4 20. hxg4 Rxh1
21. Rxh1 c5 22. Qb3 Qe6 23. Qxd5 Qxg4 24. Kb1 Nf6 25. Qe5+ Ka8 26. Rc1 Re8 27.
Qf4 Qxf4 1/2-1/2

[Event "TCh-RUS Premier 2022"]
[Site "Sochi RUS"]
[Date "2022.05.04"]
[Round "3.3"]
[Board "1"]
[White "Esipenko, Andrey"]
[Black "Artemiev, Vladislav"]
[Result "1/2-1/2"]
[WhiteTitle "GM"]
[BlackTitle "GM"]
[WhiteElo "2709"]
[BlackElo "2700"]
[WhiteTeam "Mednyy vsadnik (g. Sankt-Peterburg)"]
[BlackTeam "Ladya (Respublika Tatarstan)"]
[WhiteFideId "24175439"]
[BlackFideId "24101605"]
[EventDate "2022.05.01"]

1. d4 d5 2. c4 c6 3. cxd5 cxd5 4. Bg5 Nf6 5. Bxf6 gxf6 6. Nc3 Nc6 7. e3 e6 8.
Bd3 Bd7 9. a3 Bd6 10. Rc1 Rc8 11. f4 Na5 12. Nf3 Qb6 13. Qe2 Nb3 14. Rc2 Na1 15.
Rc1 Nb3 16. Rc2 Na1 17. Rc1 Nb3 1/2-1/2

[Event "TCh-RUS Premier 2022"]
[Site "Sochi RUS"]
[Date "2022.05.04"]
[Round "3.3"]
[Board "2"]
[White "Timofeev, Artyom"]
[Black "Matlakov, Maxim"]
[Result "1/2-1/2"]
[WhiteTitle "GM"]
[BlackTitle "GM"]
[WhiteElo "2574"]
[BlackElo "2674"]
[WhiteTeam "Ladya (Respublika Tatarstan)"]
[BlackTeam "Mednyy vsadnik (g. Sankt-Peterburg)"]
[WhiteFideId "4140419"]
[BlackFideId "4168003"]
[EventDate "2022.05.01"]

1. d4 Nf6 2. c4 e6 3. g3 Bb4+ 4. Bd2 Be7 5. Bg2 d5 6. Nf3 c6 7. Qc2 Nbd7 8. O-O
b6 9. Rd1 Bb7 10. Bf4 Rc8 11. Nc3 dxc4 12. Nd2 Nd5 13. Nxc4 Nxf4 14. gxf4 O-O
15. e3 Nf6 16. Ne5 Nd5 17. Rac1 f6 18. Nd3 Bd6 19. Ne4 Bb8 20. Qe2 Qe7 21. Qh5
g6 22. Qh4 Qg7 23. Kh1 Rce8 24. a3 a5 25. Rd2 1/2-1/2

[Event "TCh-RUS Premier 2022"]
[Site "Sochi RUS"]
[Date "2022.05.04"]
[Round "3.3"]
[Board "3"]
[White "Chigaev, Maksim"]
[Black "Tsydypov, Zhamsaran"]
[Result "1-0"]
[WhiteTitle "GM"]
[BlackTitle "GM"]
[WhiteElo "2631"]
[BlackElo "2533"]
[WhiteTeam "Mednyy vsadnik (g. Sankt-Peterburg)"]
[BlackTeam "Ladya (Respublika Tatarstan)"]
[WhiteFideId "4108116"]
[BlackFideId "4108566"]
[EventDate "2022.05.01"]

1. Nf3 Nf6 2. c4 g6 3. Nc3 Bg7 4. e4 d6 5. d4 O-O 6. Be2 e5 7. O-O Nc6 8. d5 Ne7
9. b4 Nh5 10. Re1 f5 11. a4 h6 12. a5 Nf4 13. Bf1 g5 14. Nd2 g4 15. c5 Kh8 16.
Nc4 fxe4 17. cxd6 cxd6 18. Nxe4 Nf5 19. b5 Rg8 20. Kh1 Bf8 21. Bb2 Rg7 22. Qd2
Kg8 23. b6 Bd7 24. a6 Bb5 25. Nxe5 dxe5 26. Bxb5 Ng6 27. axb7 Rxb7 28. Bc6 Rxb6
29. Bxa8 Qxa8 30. Bc3 Nf4 31. Bxe5 Nxd5 32. Qa2 Kh7 33. Rad1 Nfe7 34. Nc3 1-0